Pensacola International Airport Destinations (Pensacola, FL, USA) - Statistics

General Stats
  • This quiz has been taken 38 times
    21 since last reset
  • The average score is 23 of 25
Answer Stats
Airline Destination % Correct
Delta Air Lines Atlanta
100%
Southwest Airlines Austin
100%
Delta Connection Boston
100%
Southwest Airlines Chicago (Midway)
100%
American Eagle/United Airlines Chicago (O'Hare)
100%
American Airlines/American Eagle/Spirit Airlines Dallas/Fort Worth
100%
Southwest Airlines Dallas (Love)
100%
Frontier Airlines/Southwest Airlines Denver
100%
Delta Air Lines/Spirit Airlines Detroit
100%
Southwest Airlines Houston (Hobby)
100%
United Airlines/United Express Houston (Intercontinental)
100%
Southwest Airlines Kansas City
100%
American Eagle Miami
100%
Southwest Airlines/Spirit Airlines Nashville
100%
American Eagle/Delta Connection New York (LaGuardia)
100%
Spirit Airlines Orlando
100%
American Airlines/American Eagle Philadelphia
100%
American Eagle Washington (National)
100%
American Airlines/American Eagle Charlotte
88%
Southwest Airlines St. Louis
88%
Breeze Airways/Silver Airways Tampa
88%
Frontier Airlines Cincinnati
75%
Breeze Airways Raleigh/Durham
75%
Spirit Airlines Fort Lauderdale
63%
Contour Airlines Muscle Shoals
13%
No matching quizzes found
Score Distribution
Percent of People with Each Score
Percentile by Number Answered
Your Score History
You have not taken this quiz since the last reset